[Event "Bolzano op 1st"]
[Site "Bolzano"]
[Date "2006.05.28"]
[Round "7"]
[White "Spornberger, Maximilian"]
[Black "Hellweger, Stefan"]
[Result "1/2-1/2"]
[WhiteElo "1590"]
[BlackElo "1688"]
[PlyCount "142"]
[EventDate "2006.05.20"]
[EventType "swiss"]
[EventRounds "7"]
[EventCountry "ITA"]
[SourceTitle "EXT 2011"]
[Source "ChessBase"]
[SourceDate "2010.11.26"]
[SourceVersion "1"]
[SourceVersionDate "2010.11.26"]
[SourceQuality "1"]

1. d4 g6 2. Nf3 d5 3. e3 Bg7 4. Bd3 Nf6 5. 0-0 0-0 6. Nbd2 b6 7. e4 dxe4 8. Nxe4 Bb7 9. Nxf6+ Bxf6 10. c3 e6 11. Bh6 Bg7 12. Bxg7 Kxg7 13. Re1 Nd7 14. Qe2 Qf6 15. Be4 Bxe4 16. Qxe4 Qf5 17. Qc6 Qd5 18. Qxc7 Rfc8 19. Qf4 Rd8 20. Ne5 Nxe5 21. Rxe5 Qc4 22. Re3 Rd5 23. Rh3 h5 24. Qf3 Rad8 25. Qd3 Qc7 26. Qe3 Rf5 27. g4 Rf4 28. gxh5 Rg4+ 29. Rg3 gxh5 30. Rxg4+ hxg4 31. Qg5+ Kh7 32. Qh5+ Kg7 33. Qxg4+ Kh7 34. Qh5+ Kg8 35. Re1 Rd5 36. Re5 Rxe5 37. Qxe5 Qb7 38. f4 Qf3 39. Qg5+ Kf8 40. Qg3 Qd1+ 41. Kg2 Qc2+ 42. Qf2 Qe4+ 43. Kg3 Qg6+ 44. Kf3 Qh5+ 45. Ke3 Qd1 46. c4 Qc1+ 47. Kd3 Qb1+ 48. Kc3 Qxa2 49. Qd2 Qa5+ 50. Kc2 Qf5+ 51. Kc1 Qe4 52. Qb4+ Kg8 53. Qd2 Qh1+ 54. Kc2 Qe4+ 55. Kc3 Qf3+ 56. Qd3 Qh1 57. Qd2 Qf3+ 58. Kb4 a5+ 59. Kb5 Qb3+ 60. Ka6 Qxc4+ 61. Kxb6 a4 62. Ka5 a3 63. bxa3 Qc7+ 64. Kb4 Qb6+ 65. Kc4 Qa6+ 66. Kb3 Qb5+ 67. Qb4 Qd3+ 68. Qc3 Qb5+ 69. Kc2 Qe2+ 70. Qd2 Qc4+ 71. Kb2 Qb5+ 1/2-1/2

[Event "Bolzano op 1st"]
[Site "Bolzano"]
[Date "2006.05.21"]
[Round "2"]
[White "Rinaldo, Gaetano"]
[Black "Hellweger, Stefan"]
[Result "0-1"]
[WhiteElo "1727"]
[BlackElo "1688"]
[PlyCount "84"]
[EventDate "2006.05.20"]
[EventType "swiss"]
[EventRounds "7"]
[EventCountry "ITA"]
[SourceTitle "EXT 2011"]
[Source "ChessBase"]
[SourceDate "2010.11.26"]
[SourceVersion "1"]
[SourceVersionDate "2010.11.26"]
[SourceQuality "1"]

1. e4 g6 2. d4 c5 3. Nf3 Bg7 4. c3 cxd4 5. cxd4 d6 6. h3 Nf6 7. Nc3 0-0 8. Bc4 a6 9. a4 Nc6 10. 0-0 Bd7 11. Be3 e6 12. Qd2 Rc8 13. Ba2 Nb4 14. Bb1 d5 15. e5 Ne8 16. Ne2 a5 17. Bh6 b5 18. Bxg7 Nxg7 19. g4 bxa4 20. Nc3 Rc4 21. Qh6 f6 22. exf6 Qxf6 23. Ng5 Rfc8 24. Qxh7+ Kf8 25. Qxg6 Qxg6 26. Bxg6 Rxd4 27. Nf3 Rdc4 28. Ne5 R4c7 29. Rfd1 Ke7 30. f4 Rh8 31. Kg2 Nc6 32. Nxc6+ Bxc6 33. Nxa4 Kf6 34. Bd3 e5 35. fxe5+ Kxe5 36. Re1+ Kd6 37. Kg3 Rb8 38. Re2 Rb3 39. Nc3 d4 40. Bc4 Rb4 41. b3 dxc3 42. Rd1+ Kc5 0-1

[Event "ITA-ch U20"]
[Site "Bratto"]
[Date "2005.08.28"]
[Round "9"]
[White "Mora, Lorenzo"]
[Black "Hellweger, Stefan"]
[Result "1-0"]
[WhiteElo "1820"]
[BlackElo "1685"]
[PlyCount "97"]
[EventDate "2005.08.20"]
[EventType "swiss"]
[EventRounds "9"]
[EventCountry "ITA"]
[SourceTitle "EXT 2006"]
[Source "ChessBase"]
[SourceDate "2005.11.24"]
[SourceVersion "1"]
[SourceVersionDate "2005.11.24"]
[SourceQuality "1"]

1. Nf3 Nc6 2. g3 g6 3. Bg2 Bg7 4. d3 d5 5. Nbd2 e5 6. e4 d4 7. 0-0 Bg4 8. h3 Bd7 9. a4 h6 10. Nc4 Be6 11. Nfd2 Qd7 12. Kh2 0-0-0 13. Nb3 Bxc4 14. dxc4 Qe6 15. Qe2 f5 16. Bd2 Nf6 17. Nc5 Qf7 18. b4 b6 19. exf5 bxc5 20. Bxc6 gxf5 21. Rab1 Qe6 22. Bg2 e4 23. bxc5 Rhe8 24. Rb3 Qc6 25. Rfb1 Qxa4 26. Rb4 Qc6 27. Ra1 Kd7 28. Bf4 Ra8 29. Rba4 a6 30. Ra5 Ke7 31. Qd2 Kf8 32. Kg1 Nd7 33. R1a2 Ra7 34. h4 Ne5 35. Bxe5 Rxe5 36. Qxd4 Re8 37. Qd5 Qf6 38. c6 Re5 39. Qd2 Rxa5 40. Rxa5 f4 41. Bxe4 Qd4 42. Qxf4+ Kg8 43. Rd5 Qa1+ 44. Kg2 Qf6 45. Rf5 Qd6 46. Bd5+ Kh8 47. Qxd6 cxd6 48. Rf7 Ra8 49. c7 1-0

[Event "ITA-ch U20"]
[Site "Porto San Giorgio"]
[Date "2004.08.27"]
[Round "8"]
[White "Forato, Enrico"]
[Black "Hellweger, Stefan"]
[Result "1-0"]
[WhiteElo "1739"]
[BlackElo "1664"]
[PlyCount "85"]
[EventDate "2004.08.20"]
[EventType "swiss"]
[EventRounds "9"]
[EventCountry "ITA"]
[SourceTitle "EXT 2005"]
[Source "ChessBase"]
[SourceDate "2004.11.15"]
[SourceVersion "1"]
[SourceVersionDate "2004.11.15"]
[SourceQuality "1"]

1. e4 e5 2. Nf3 Nc6 3. d4 exd4 4. Bc4 Bb4+ 5. c3 dxc3 6. bxc3 Bd6 7. 0-0 Nf6 8. e5 Nxe5 9. Nxe5 Bxe5 10. Re1 Qe7 11. f4 Qc5+ 12. Qd4 Qxd4+ 13. cxd4 0-0 14. fxe5 d5 15. Bb3 Ne8 16. Ba3 c6 17. Bxf8 Kxf8 18. Nc3 Nc7 19. Rf1 Be6 20. Bc2 h6 21. Bf5 Ke7 22. Bxe6 Nxe6 23. Ne2 a5 24. a4 b5 25. axb5 cxb5 26. Rfb1 a4 27. Rxb5 a3 28. Rb3 Rc8 29. Raxa3 Ng5 30. Rb7+ Kf8 31. Raa7 Ne4 32. Rxf7+ Kg8 33. Rxg7+ Kh8 34. Rh7+ Kg8 35. Rag7+ Kf8 36. Rh8+ Kxg7 37. Rxc8 h5 38. Rd8 h4 39. Rxd5 Kg6 40. e6 Nf6 41. e7 Kf7 42. Re5 Ne8 43. d5 1-0